000 00473nam a2200181Ia 4500
008 100917s9999 xx 000 0 und d
082 _b11181
100 _aसावंत वसंत
245 _aस्वतिक
260 _bपॉप्युलर प्रकाशन
_c1973
300 _a80
365 _b5
520 _aकविता
630 _aस्वतिक
650 _aकविता
730 _aस्वतिक
942 _cBOOK
999 _c616575
_d616572